书目信息 |
| 题名: |
混元乌铁棍
|
|
| 作者: | 范克平 , 范冠华 译著 | |
| 分册: | ||
| 出版信息: | 呼和浩特 内蒙古人民出版社 2008 |
|
| 页数: | 180页 | |
| 开本: | 22cm | |
| 丛书名: | ||
| 单 册: | ||
| 中图分类: | G852.25 | |
| 科图分类: | ||
| 主题词: | 棍术(武术)--中国 , 棍术(武术) | |
| 电子资源: | ||
| ISBN: | 978-7-204-01047-9 | |
| 000 | 00769nam0 2200265 45 | |
| 001 | 1130690921 | |
| 005 | 20110310095308.68 | |
| 010 | @a978-7-204-01047-9@dCNY28.00 | |
| 100 | @a20110123d2008 ekmy0chiy0120 ea | |
| 101 | 0 | @achi |
| 102 | @aCN@b150000 | |
| 105 | @ay z 000yy | |
| 106 | @ar | |
| 200 | 1 | @a混元乌铁棍@AHun Yuan Wu Tie Gun@f范克平,范冠华译著@FFan Ke Ping, Fan Guan Hua Yi Zhu |
| 205 | @a2版 | |
| 210 | @a呼和浩特@c内蒙古人民出版社@d2008 | |
| 215 | @a180页@d22cm | |
| 300 | @a功家秘法宝藏.卷5,拳法兵器 | |
| 606 | 0 | @a棍术(武术)@y中国 |
| 606 | 0 | @a棍术(武术) |
| 690 | @aG852.25@v4 | |
| 701 | 0 | @a范克平@AFan Ke Ping@4译著 |
| 701 | 0 | @a范冠华@AFan Guan Hua@4译著 |
| 801 | 0 | @aCN@bTANGWEI@c20110310 |
| 905 | @b0531320-22@dG852.25@e216=2@f3 | |
| 混元乌铁棍/范克平,范冠华译著.-2版.-呼和浩特:内蒙古人民出版社,2008 |
| 180页;22cm |
| 功家秘法宝藏.卷5,拳法兵器 |
| ISBN 978-7-204-01047-9:CNY28.00 |
| ● |
| 相关链接 |
|
|
|
|
正题名:混元乌铁棍
索取号:G852.25/216=2
 
预约/预借
| 序号 | 登录号 | 条形码 | 馆藏地/架位号 | 状态 | 备注 |
| 1 | 0531320 | 205313203 | 第一样本阅览室/ [索取号:G852.25/216=2] | 在馆 | |
| 2 | 0531321 | 205313212 | 密集书库-体育系/ [索取号:G852.25/216=2] | 在馆 | |
| 3 | 0531322 | 205313221 | 第四借阅区/ [索取号:G852.25/216=2] | 在馆 |